000 00772nas a2200265 4500
001 BR0806152
003 BR-BrBNA
005 20231205112111.0
007 ta
008 230509b bl.|||p| |||| 00| 00por d
040 _aBR-BrBNA
_bpor
_cBiblioteca Nacional de Agricultura
041 _a(Pt)
072 _aF01; F61
100 1 _aPaulus, D.
100 1 _aMedeiros, S.L.P.
100 1 _aSantos, O.S.
100 1 _aPaulus, E.
245 1 _aSolução nutritiva para a produção de menta em hidroponia
650 _aMENTA
650 _aNUTRIENTE
650 _aCULTIVO HIDROPÔNICO
773 0 _tHorticultura Brasileira (Brazil)
_xISSN 0102-0536
_g(Jan-Mar 2008), v. 26(1) p. 61-67
_wBR0806152
909 _a202311
_bLúcia
_c55
_dLúcia Elande
942 _2AGRIS
_n0
_cANA
999 _c196094
_d196094